00986nam a22002177a 4500003000900000008004100009040007100050082002000121245014800141260003000289300002800319440009700347505013700444650002000581650002000601650001500621650002100636700002400657710003200681710005500713AR-CdUCM190425b ||||| |||| 00| 0 spa d aMUNICIPALIDAD PROVINCIAL DEL CUSCOcBIBLIOTECA MUNICIPAL DEL CUSCO aSitua/N°1/2004 aSitua :bRevista semestral de la Facultad de Medicina Humana /cFacultad de Medicina Humana, Universidad Nacional de San Antonio Abad del Cusco aCusco :b[UNSAAC],c2004. a64 páginas. :c31 cm. aSitua revista semestral de la Facultad de Medicina Humana.nVol 13, N° 1, marzo-junio 2004. aContenido: Análisis de la mortalidad perinatal del ámbito de la Dirección Regional de Salud de Cusco. Rosas Rojas, Carmen. ... aMedicina humana aSalud pública aHospitales aCentros de Salud aRosas Rojas, Carmen aFacultad de Medicina Humana aUniversidad Nacional de San Antonio Abad del Cusco